|
|
|
|
| LEADER |
00000nab a2200000 ar4500 |
| 001 |
vtls009527557 |
| 003 |
SK-MaSNL |
| 005 |
20260426062953.0 |
| 008 |
090619c2009 xo mr|p|||||||000 b|slo |
| 015 |
|
|
|a SNBRB2009/06
|2 snkbucl
|
| 038 |
|
|
|a SNKBUCL
|
| 040 |
|
|
|a SNKBUCL
|b slo
|c SNKBUCL
|e AACR2
|
| 041 |
0 |
|
|a slo
|
| 044 |
|
|
|a xo
|c SK
|
| 080 |
|
|
|a 728.3.012.1
|x (437.6)
|2 2001
|
| 245 |
0 |
0 |
|a Vila na Devínskej ceste, Bratislava - Karlova Ves
|
| 300 |
|
|
|b Obr.
|
| 500 |
|
|
|a Autori projektu: Radoslav Buzinkay, Andrej Ferenčík, Jakub Viskupič - BEEF Architekti
|
| 650 |
0 |
7 |
|a rodinné domy
|2 snkbucl
|9 2984
|
| 650 |
0 |
7 |
|a vily
|2 snkbucl
|
| 651 |
|
7 |
|a Devínska cesta (Bratislava, Slovensko)
|2 snkbucl
|9 249832
|
| 651 |
|
7 |
|a Bratislava (Slovensko)
|2 snkbucl
|9 14568
|
| 773 |
0 |
|
|t ARCH
|g Roč. 14, č. 5 (2009), s. 47
|x 1335-3268
|
| 852 |
|
|
|a SNK
|b KIS3GCP
|
| 958 |
|
|
|a SK
|
| 999 |
|
|
|c 2551313
|d 2553243
|